Violencia contra la mujer: la perspectiva de género en las decisiones judiciales /

La participación equitativa de hombres y mujeres en las estructuras de poder del Estado constituye, hasta el día de hoy, un ansiado anhelo. Los ámbitos de poder han sido históricamente ocupados en su mayoría por individuos de género masculino. En este contexto, este artículo reflexiona sobre los efe...

Полное описание

Сохранить в:
Библиографические подробности
Главный автор: Sánchez, Mariana
Формат: Текст
Предметы:
Метки: Добавить метку
Нет меток, Требуется 1-ая метка записи!

MARC

LEADER 00000 a a2200000 04500
001 45550
003
040
100 |a Sánchez, Mariana  
245 |a Violencia contra la mujer:   |b la perspectiva de género en las decisiones judiciales /  |c Mariana Sánchez  
520 |a La participación equitativa de hombres y mujeres en las estructuras de poder del Estado constituye, hasta el día de hoy, un ansiado anhelo. Los ámbitos de poder han sido históricamente ocupados en su mayoría por individuos de género masculino. En este contexto, este artículo reflexiona sobre los efectos de la visión de género en las decisiones judiciales femeninas, especialmente en los conflictos de violencia contra la mujer.  
590 |a RRH/FEBRERO2014  
650 |a 1.RELACIONES DE GENERO  
650 |a 2.PODER  
650 |a 3.ESTADO  
650 |a 4.VIOLENCIA  
650 |a 5.PODER JUDICIAL  
650 |a 6.ARGENTINA  
773 |g volumen21, número4 ( , 2012), páginas 611-627  
999 |c 27626  |d 27626